MARC

LEADER 00000nam0a2200000 4500
001 268492
005 20231101234154.0
035 |a (RuTPU)RU\TPU\book\291643 
090 |a 268492 
100 |a 20140904d1986 k y0rusy50 ca 
101 0 |a rus 
102 |a UZ 
105 |a a z 001zy 
200 1 |a Прямые и обратные краевые задачи математической физики  |e [сборник]  |f Академия наук Узбекской ССР (АН УзССР), Институт механики и сейсмостойкости сооружений им. М. Т. Уразбаева (ИМиСС) ; отв. ред. Б. А. Бондаренко 
210 |a Ташкент  |c Фан  |d 1986 
215 |a 120 с.  |c ил. 
320 |a Библиогр. в конце ст. 
606 1 |a Математическая физика  |x Обратные задачи  |2 stltpush  |3 (RuTPU)RU\TPU\subj\41223  |9 61030 
610 1 |a краевые задачи 
610 1 |a уравнения с частными производными 
610 1 |a механика 
610 1 |a плоскости 
610 1 |a пространство 
610 1 |a единственность 
675 |a 53:51  |v 3 
702 1 |a Бондаренко  |b Б. А.  |4 340 
712 0 2 |a Академия наук Узбекской ССР (АН УзССР)  |b Институт механики и сейсмостойкости сооружений им. М. Т. Уразбаева (ИМиСС)  |c (Ташкент)  |c (1966-1991)  |2 stltpush  |3 (RuTPU)RU\TPU\col\19715 
801 1 |a RU  |b 63413507  |c 20140904 
801 2 |a RU  |b 63413507  |c 20160209  |g RCR 
942 |c BK